Management of Banking and FIinancial Services (Record no. 4528)
[ view plain ]
| 005 - DATE AND TIME OF LATEST TRANSACTION | |
|---|---|
| control field | 20250620122949.0 |
| 020 ## - INTERNATIONAL STANDARD BOOK NUMBER | |
| International Standard Book Number | 978-93-325-0747-0 |
| 100 ## - MAIN ENTRY--PERSONAL NAME | |
| Author name | SURESH, P |
| 245 ## - TITLE STATEMENT | |
| Title | Management of Banking and FIinancial Services |
| 250 ## - EDITION STATEMENT | |
| Edition statement | 3th Ed |
| 260 ## - PUBLICATION, DISTRIBUTION, ETC. | |
| Place of publication, distribution, etc. | Taramani |
| Name of publisher, distributor, etc. | Pearson India Education Services |
| Date of publication, distribution, etc. | 2015 |
| 300 ## - PHYSICAL DESCRIPTION | |
| Extent | ix, 683p.: ill; Graphy, Table |
| Other physical details | Index |
| Dimensions | 27cm |
| 700 ## - ADDED ENTRY--PERSONAL NAME | |
| Other authors/Editors | PAUL, J |
| 942 ## - ADDED ENTRY ELEMENTS (KOHA) | |
| Source of classification or shelving scheme | Dewey Decimal Classification |
| Koha item type | Books |
| Date last seen | Total checkouts | Full call number | Barcode | Cost, replacement price | Price effective from | Koha item type | Lost status | Source of classification or shelving scheme | Damaged status | Not for loan | Withdrawn status | Home library | Current library | Shelving location | Date acquired | Source of acquisition | Cost, normal purchase price |
|---|---|---|---|---|---|---|---|---|---|---|---|---|---|---|---|---|---|
| 06/20/2025 | 658.15 SUR | MBY000477 | 89850.00 | 06/20/2025 | Books | Dewey Decimal Classification | CBE MBEYA | CBE MBEYA | General Collection | 05/29/2017 | Purchase | 29950.00 | |||||
| 06/20/2025 | 658.15 SUR | MBY000476 | 89850.00 | 06/20/2025 | Books | Dewey Decimal Classification | CBE MBEYA | CBE MBEYA | General Collection | 05/29/2017 | Purchase | 29950.00 |
